[Event "Villorba Vergani Cup 3rd"]
[Site "Villorba"]
[Date "2019.01.02"]
[Round "2"]
[White "Blohberger, Felix"]
[Black "Karthick, Narayanan S"]
[Result "1-0"]
[WhiteElo "2450"]
[BlackElo "2064"]
[PlyCount "107"]
[EventDate "2019.01.02"]
[EventType "swiss"]
[EventRounds "9"]
[EventCountry "ITA"]
[SourceTitle "EXT 2023"]
[Source "ChessBase"]
[SourceDate "2022.10.05"]
[SourceVersion "1"]
[SourceVersionDate "2022.10.05"]
[SourceQuality "1"]

1. c4 Nf6 2. Nc3 c5 3. Nf3 g6 4. e4 Bg7 5. d4 cxd4 6. Nxd4 0-0 7. Be2 Nc6 8. Be3 d6 9. 0-0 Nxd4 10. Bxd4 b6 11. Nd5 Ne8 12. Rc1 Bb7 13. Bxg7 Nxg7 14. f4 e6 15. Nc3 Qc7 16. Kh1 Rad8 17. Qd3 f5 18. b3 Qb8 19. exf5 Nxf5 20. Bf3 d5 21. Ne2 dxc4 22. Qxc4 Bd5 23. Qc3 Qb7 24. Qe5 Qg7 25. Qxg7+ Kxg7 26. Ng1 Nd4 27. Bxd5 exd5 28. g3 Nf5 29. Nf3 Rc8 30. Kg1 Rfe8 31. Ne5 d4 32. Kf2 Ne3 33. Rfe1 Rc5 34. Rxc5 bxc5 35. Rc1 Rc8 36. h3 Nd5 37. Nd3 Nc3 38. Re1 Rc7 39. a3 a5 40. a4 c4 41. bxc4 Nxa4 42. Re5 Nb6 43. Rxa5 Nxc4 44. Rd5 Ne3 45. Rxd4 Nf5 46. Rd8 h5 47. Kf3 h4 48. g4 Ng3 49. Ne5 Rc3+ 50. Rd3 Rxd3+ 51. Nxd3 g5 52. fxg5 Kg6 53. Nc5 Nf1 54. Ne4 1-0

[Event "Olomouc Summmer op 21st"]
[Site "Olomouc"]
[Date "2018.08.14"]
[Round "5"]
[White "Stigar, Petter"]
[Black "Karthick, Narayanan S"]
[Result "1/2-1/2"]
[WhiteElo "2217"]
[BlackElo "1979"]
[PlyCount "51"]
[EventDate "2018.08.11"]
[EventType "swiss"]
[EventRounds "9"]
[EventCountry "CZE"]
[SourceTitle "CBM 186 Extra"]
[Source "ChessBase"]
[SourceDate "2018.08.24"]
[SourceVersion "1"]
[SourceVersionDate "2018.08.24"]
[SourceQuality "1"]

1. Nf3 Nf6 2. c4 c5 3. Nc3 Nc6 4. g3 e5 5. Bg2 d6 6. d3 h6 7. a3 Be6 8. 0-0 Qd7 9. Rb1 d5 10. cxd5 Nxd5 11. Bd2 Be7 12. Nxd5 Bxd5 13. Qa4 Bxf3 14. Bxf3 Nd4 15. Qxd7+ Kxd7 16. Bxb7 Nxe2+ 17. Kg2 Rab8 18. Bd5 f6 19. Be3 Nd4 20. f4 exf4 21. Bxd4 cxd4 22. gxf4 Bd6 23. f5 Be5 24. h3 Kd6 25. Bc4 h5 26. b4 1/2-1/2

[Event "Olomouc Summmer op 21st"]
[Site "Olomouc"]
[Date "2018.08.13"]
[Round "4"]
[White "Karthick, Narayanan S"]
[Black "Cagasik, Tomas"]
[Result "1/2-1/2"]
[WhiteElo "1979"]
[BlackElo "2180"]
[PlyCount "65"]
[EventDate "2018.08.11"]
[EventType "swiss"]
[EventRounds "9"]
[EventCountry "CZE"]
[SourceTitle "CBM 186 Extra"]
[Source "ChessBase"]
[SourceDate "2018.08.24"]
[SourceVersion "1"]
[SourceVersionDate "2018.08.24"]
[SourceQuality "1"]

1. e4 d5 2. exd5 Qxd5 3. Nc3 Qd6 4. d4 Nf6 5. Nf3 Bg4 6. Bb5+ c6 7. Be2 Nbd7 8. Be3 e6 9. Qd2 Qc7 10. h3 Bxf3 11. Bxf3 Nd5 12. 0-0 N7f6 13. Nxd5 cxd5 14. Rfe1 Be7 15. Bf4 Qb6 16. c3 Bd6 17. Bg5 0-0-0 18. a4 h6 19. a5 Qc7 20. Bxf6 gxf6 21. a6 b6 22. Qd3 Bf4 23. Ra4 Qd7 24. b3 Bc7 25. c4 b5 26. cxb5 Kb8 27. Rc1 Rc8 28. Rc5 Qd6 29. g3 Bb6 30. b4 f5 31. Ra2 h5 32. Rac2 h4 33. Qc3 1/2-1/2

[Event "Prague Summer op-A 5th"]
[Site "Prague"]
[Date "2018.08.09"]
[Round "8"]
[White "Becker, Matthias1"]
[Black "Karthick, Narayanan S"]
[Result "1-0"]
[WhiteElo "2254"]
[BlackElo "1979"]
[PlyCount "75"]
[EventDate "2018.08.03"]
[EventType "swiss"]
[EventRounds "9"]
[EventCountry "CZE"]
[SourceTitle "CBM 185 Extra"]
[Source "ChessBase"]
[SourceDate "2018.07.29"]
[SourceVersion "1"]
[SourceVersionDate "2018.07.29"]
[SourceQuality "1"]

1. d4 Nf6 2. Nf3 c5 3. e3 e6 4. Bd3 b6 5. 0-0 Bb7 6. c4 Be7 7. Nc3 0-0 8. d5 exd5 9. cxd5 d6 10. e4 Nbd7 11. h3 a6 12. a4 Ne8 13. Nd2 Nc7 14. Nc4 b5 15. Na5 Qb8 16. axb5 axb5 17. Nxb5 Nxb5 18. Bxb5 Nf6 19. Qd3 Qc7 20. Bd2 Rfb8 21. Rfc1 Qb6 22. Bc6 Ba6 23. Qe3 Ra7 24. Bc3 Nd7 25. Bxd7 Rxd7 26. Nc6 Re8 27. Nxe7+ Rdxe7 28. Qg5 f6 29. Bxf6 Rf7 30. Bc3 Rxe4 31. Re1 Rxe1+ 32. Rxe1 Qb8 33. Re6 Qf8 34. Qg3 Rd7 35. Qe3 Kf7 36. Qf4+ Kg8 37. Qe4 Rd8 38. Re7 1-0

[Event "Prague Summer op-A 5th"]
[Site "Prague"]
[Date "2018.08.08"]
[Round "7"]
[White "Karthick, Narayanan S"]
[Black "Marczuk, Dominik"]
[Result "1/2-1/2"]
[WhiteElo "1979"]
[BlackElo "2290"]
[PlyCount "64"]
[EventDate "2018.08.03"]
[EventType "swiss"]
[EventRounds "9"]
[EventCountry "CZE"]
[SourceTitle "CBM 185 Extra"]
[Source "ChessBase"]
[SourceDate "2018.07.29"]
[SourceVersion "1"]
[SourceVersionDate "2018.07.29"]
[SourceQuality "1"]

1. e4 c5 2. Nc3 Nc6 3. g3 g6 4. Bg2 Bg7 5. d3 d6 6. Be3 e6 7. Qd2 Nge7 8. Bh6 Bxh6 9. Qxh6 Nd4 10. 0-0-0 Nec6 11. h4 Qf6 12. f4 Bd7 13. Nf3 Nxf3 14. Bxf3 0-0-0 15. Nb5 Qe7 16. e5 Nxe5 17. Nxa7+ Kb8 18. fxe5 Kxa7 19. exd6 Qxd6 20. Qe3 Bc6 21. Bxc6 Qxc6 22. Rhf1 f5 23. d4 Rd5 24. Rfe1 Rhd8 25. dxc5 e5 26. Rxd5 Rxd5 27. b4 e4 28. Kb2 Ka8 29. a4 Qf6+ 30. Qc3 Rd4 31. Ka2 Qe6+ 32. Qb3 Qe5 1/2-1/2

[Event "Prague Summer op-A 5th"]
[Site "Prague"]
[Date "2018.08.06"]
[Round "5"]
[White "Karthick, Narayanan S"]
[Black "Ladron de Guevara Galar, Francisco Javier"]
[Result "1-0"]
[WhiteElo "1979"]
[BlackElo "2128"]
[PlyCount "101"]
[EventDate "2018.08.03"]
[EventType "swiss"]
[EventRounds "9"]
[EventCountry "CZE"]
[SourceTitle "CBM 185 Extra"]
[Source "ChessBase"]
[SourceDate "2018.07.29"]
[SourceVersion "1"]
[SourceVersionDate "2018.07.29"]
[SourceQuality "1"]

1. e4 e5 2. Nf3 Nc6 3. Bc4 Nf6 4. Nc3 Nxe4 5. 0-0 Nf6 6. Nxe5 Nxe5 7. Re1 Be7 8. Rxe5 c6 9. d4 d5 10. Bf1 0-0 11. h3 Bd6 12. Re1 Bf5 13. Bd3 Qd7 14. Bg5 Rfe8 15. Qf3 Ne4 16. Nxe4 Bxe4 17. Bxe4 dxe4 18. Rxe4 Rxe4 19. Qxe4 Re8 20. Qd3 Qe6 21. Bd2 Bc7 22. Kf1 Qd6 23. Re1 Rd8 24. c3 h6 25. Be3 Re8 26. Bd2 Rd8 27. Be3 a6 28. Qe4 Qf6 29. Kg1 Rd5 30. g3 Rh5 31. Kg2 g6 32. b4 Kh7 33. c4 b5 34. cxb5 axb5 35. Rc1 Rd5 36. Qe8 Rd6 37. d5 Rxd5 38. Qxc6 Qxc6 39. Rxc6 Bd6 40. Bc5 Be5 41. Rb6 Rd2 42. Rxb5 Rc2 43. Be3 Bc3 44. Rb7 Kg7 45. b5 g5 46. b6 Rb2 47. Kf3 Kf6 48. Rc7 Be5 49. Rc6+ Kg7 50. Ke4 Bb8 51. Bd4+ 1-0

[Event "Pardubice Czech op-A 29th"]
[Site "Pardubice"]
[Date "2018.07.25"]
[Round "6"]
[White "Pacher, Milan"]
[Black "Karthick, Narayanan S"]
[Result "1-0"]
[WhiteElo "2467"]
[BlackElo "1919"]
[PlyCount "113"]
[EventDate "2018.07.20"]
[EventType "swiss"]
[EventRounds "9"]
[EventCountry "CZE"]
[SourceTitle "CBM 185 Extra"]
[Source "ChessBase"]
[SourceDate "2018.07.29"]
[SourceVersion "1"]
[SourceVersionDate "2018.07.29"]
[SourceQuality "1"]

1. d4 Nf6 2. c4 c5 3. Nf3 cxd4 4. Nxd4 e5 5. Nb5 d6 6. g3 a6 7. N5c3 Qc7 8. Bg2 Qxc4 9. Bg5 Nbd7 10. Nd2 Qg4 11. h4 h6 12. Bh3 Qb4 13. a3 Qa5 14. Bxd7+ Nxd7 15. Nc4 Qc7 16. Nd5 Qxc4 17. Rc1 Qxd5 18. Qxd5 hxg5 19. hxg5 Nb6 20. Qg2 Rxh1+ 21. Qxh1 d5 22. g6 Be6 23. Qh5 Nd7 24. Rc7 Kd8 25. Rxb7 Kc8 26. Rb3 d4 27. Qh1 Ra7 28. Qc6+ Kd8 29. Rb7 Rxb7 30. Qxb7 f6 31. Qxa6 Bf5 32. Qa8+ Kc7 33. b4 Bxg6 34. b5 Bc5 35. a4 e4 36. a5 d3 37. Qc6+ Kd8 38. a6 e3 39. fxe3 Bb4+ 40. Kf2 d2 41. Qd5 Be4 42. Qd4 Bc3 43. Qd6 Bb4 44. Qxb4 d1Q 45. Qxe4 f5 46. Qa8+ Ke7 47. Qb7 Ke6 48. a7 Ne5 49. Qb6+ Kf7 50. Qc7+ Kf6 51. Qxe5+ Kxe5 52. a8Q Qb3 53. Qe8+ Kf6 54. Qc6+ Qe6 55. Kf3 g5 56. e4 fxe4+ 57. Ke3 1-0

[Event "Chennai op 9th"]
[Site "Chennai"]
[Date "2017.01.24"]
[Round "9"]
[White "Vignesh, B."]
[Black "Karthick, Narayanan S"]
[Result "1/2-1/2"]
[WhiteElo "2186"]
[BlackElo "1957"]
[PlyCount "94"]
[EventDate "2017.01.18"]
[EventType "swiss"]
[EventRounds "10"]
[EventCountry "IND"]
[SourceTitle "CBM 176 Extra"]
[Source "ChessBase"]
[SourceDate "2017.03.02"]
[SourceVersion "1"]
[SourceVersionDate "2017.03.02"]
[SourceQuality "1"]

1. e4 c5 2. Nf3 Nc6 3. d4 cxd4 4. Nxd4 Nf6 5. Nc3 g6 6. Be2 Bg7 7. Nb3 d6 8. 0-0 0-0 9. Kh1 Be6 10. f4 Qc8 11. Bf3 Bc4 12. Re1 Rd8 13. Nd2 Be6 14. Nf1 Ng4 15. Qd2 Nd4 16. Bd1 Qd7 17. h3 Nh6 18. f5 Nhxf5 19. exf5 Nxf5 20. Ne4 h6 21. c3 Rac8 22. Neg3 Nh4 23. Nh2 Be5 24. Qf2 Bd5 25. Nf3 Bg7 26. Kg1 Nxf3+ 27. Bxf3 Bxf3 28. Qxf3 b5 29. a3 e5 30. Be3 d5 31. Rad1 f5 32. Bxh6 Bxh6 33. Rxe5 Qc7 34. Rexd5 Rxd5 35. Qxd5+ Kh8 36. Ne2 Re8 37. Qxb5 Rb8 38. Qa6 Rb6 39. Qa4 Qe7 40. Qd4+ Bg7 41. Qd8+ Qxd8 42. Rxd8+ Kh7 43. b4 Ra6 44. Rd7 Rxa3 45. Kf2 Kh6 46. Rc7 Be5 47. Ke3 Bxc7 1/2-1/2

[Event "Chennai op 9th"]
[Site "Chennai"]
[Date "2017.01.23"]
[Round "8"]
[White "Karthick, Narayanan S"]
[Black "Benasir, M."]
[Result "1-0"]
[WhiteElo "1957"]
[BlackElo "1533"]
[PlyCount "79"]
[EventDate "2017.01.18"]
[EventType "swiss"]
[EventRounds "10"]
[EventCountry "IND"]
[SourceTitle "CBM 176 Extra"]
[Source "ChessBase"]
[SourceDate "2017.03.02"]
[SourceVersion "1"]
[SourceVersionDate "2017.03.02"]
[SourceQuality "1"]

1. e4 c5 2. Nc3 Nc6 3. g3 g6 4. Bg2 Bg7 5. d3 d6 6. Be3 e6 7. Qd2 Nge7 8. Bh6 0-0 9. h4 Bxh6 10. Qxh6 Kh8 11. h5 Ng8 12. Qd2 Qf6 13. 0-0-0 Nd4 14. f4 Ne7 15. Nf3 e5 16. hxg6 Nxf3 17. Rxh7+ Kg8 18. Bxf3 Qxg6 19. Rh5 f6 20. Qh2 Bg4 21. Bxg4 Qxg4 22. Nb5 Rad8 23. Rh7 Nc6 24. Rh8+ Kf7 25. Qh7+ Qg7 26. Qh5+ Ke7 27. Rh7 Rf7 28. Rxg7 Rxg7 29. Nc7 Kd7 30. Nd5 Rf8 31. Qh6 Rgf7 32. Qh3+ Kd8 33. Qe6 exf4 34. Qxd6+ Kc8 35. gxf4 Rd8 36. Qe6+ Rdd7 37. Nxf6 Nd4 38. Qe8+ Kc7 39. Nxd7 Rxd7 40. Qe5+ 1-0